000 00281nam a22001217a 4500
008 170925b xxu||||| |||| 00| 0 eng d
041 _aeng
080 _a37
100 _a46
101 _aEDU
245 _aTHEORETICAL ISSUES IN READING COMPREHENSION
_cSPIRO,R.J
942 _2udc
_cBK
999 _c29734
_d29734